Statistics for Multi NBA MVP Winners

Click here to take the quiz!

General Stats

  • This quiz has been taken 40 times
  • The average score is 11 of 13

Answer Stats

AwardsAnswer% Correct
4LeBron James
100%
5Michael Jordan
100%
5Bill Russell
97%
3Larry Bird
95%
3Magic Johnson
95%
4Wilt Chamberlain
95%
6Kareem Abdul-Jabbar
92%
2Stephen Curry
86%
2Tim Duncan
81%
2Karl Malone
78%
3Moses Malone
78%
2Steve Nash
73%
2Bob Pettit
41%

Score Distribution

Percentile by Number Answered

Percent of People with Each Score

Your Score History

You have not taken this quiz